• 首页
  • 本馆介绍
  • 公告通知
  • 最新文献
  • 馆藏检索
  • 电子资源
  • 读者导购
  • 参考咨询
  • 我的图书馆
  • 登录
  • 详细信息显示
  • 放入我的书架
  • 预约/预借图书
  • 作者相关作品
  • 分类相关作品
  • 丛书相关作品
  • 出版社相关作品

书目信息

  • 表格格式
  • 工作单格式
  • 卡片格式
题名:
我的生活
    
 
作者: 冯玉祥 著
分册: 下  
出版信息: 哈尔滨   黑龙江人民出版社  1981
页数: 303-615页
开本: 19cm
丛书名:
单 册:
中图分类: I252.4
科图分类:
主题词: 报告文学--中国 , 传记文学--中国
电子资源:
ISBN:
000 00652nam0 2200241 45
001 0181009999
005 20060812175137.56
010    @dCNY1.15
091    @a10093.369
100    @a19950414d1981 em y0chiy0121 ea
101 0  @achi
102    @aCN@b230000
105    @af z 000yy
200 10 @a我的生活@h下@Awo de sheng huo@f冯玉祥著
210    @a哈尔滨@c黑龙江人民出版社@d1981
215    @a303-615页@d19cm
606 0  @a报告文学@x中国
606 0  @a传记文学@x中国
690    @aI252.4@v3
701  0 @a冯玉祥@Afeng yu xiang@4著
801  2 @aCN@bNLC@c20060812
801  0 @aCN@b上海图书馆@c20040301
905    @dI252.4@e79:2@f2@b42603-604@b53097@f1
    
    我的生活.下/冯玉祥著.-哈尔滨:黑龙江人民出版社,1981
    303-615页;19cm
    
    
    ISBN :CNY1.15
    
●
相关链接 在E读中查询图书 在五车中查询图书 在当当中查询图书 在豆瓣中查询图书


正题名:我的生活     索取号:I252.4/79:2         预约/预借

序号 登录号 条形码 馆藏地/架位号 状态 备注
1 0042601   001908635   密集书库/ [索取号:I252.4/79:2] 在馆    
2 0042603   000582827   密集书库/ [索取号:I252.4/79:2] 在馆    
3 0042604   000582783   密集书库/ [索取号:I252.4/79:2] 在馆    
4 0042605   000582774   第一样本阅览室/ [索取号:I252.4/79:2] 在馆    
5 0053095   001888078   密集书库/ [索取号:I252.4/79:2] 在馆    
6 0053096   001908591   密集书库/ [索取号:I252.4/79:2] 在馆    
7 0053097   000582818   第二借阅区/ [索取号:I252.4/79:2] 在馆    
8 0457958   204579580   密集书库/ [索取号:I252.4/79:2] 在馆    
9 0457959   204579599   密集书库/ [索取号:I252.4/79:2] 在馆    
唐山师范学院图书馆 欢迎您!
大连网信软件有限公司© 版权所有